000 01111nam a2200253Ia 4500
001 23180
003 GE_BSU
008 181216s||||||||xx |||||||||||||| ||und||
040 _cGE_BSU
080 _a821.111(73)-31
100 _aჰემინგუეი, ერნესტ
245 _aმშვიდობით იარაღო! - აღმოხდების მზე (ფიესტა). - ქონა თუ არქონა.
245 _bრომანები
245 _cრედ.: მ.თურქია;მხატვ.:ზ.ფორჩხიძე
260 _aთბილისი
260 _bსაბჭ. საქართველო
260 _c1976
300 _a630გვ. : ილ. ; 22სმ.
520 _aგაშლილი თავფურცელი ინგლისურ ენაზე
541 _h3ლ. 94თ.
653 _aმშვიდობით იარაღო! - აღმოხდების მზე (ფიესტა). - ქონა თუ არქონა.
653 _aრომანები
942 _cMP
999 _c56080
_d56080